01600nam a2200409Ic 450000100060000000300100000600500170001600700030003300800410003602000180007704000350009504100080013008200160013810000300015424501520018425000370033626400460037330000180041933600270043733700330046433800280049750000420052550000770056750400270064453400280067165000400069965000460073965000350078565000440082065000470086470000430091170000320095470000460098694200120103299900170104495201290106157633CO-BoRNBP20250717114247.0ta160315s2012 ck g 000 0 spa  a9789589342381 aCO-BoRNBPbspaerdacCO-BoRNBP aspa04a028.9bT72m aTrelease, Jimeaut92795010aManual de la lectura en voz alta /cJim Trelease ; traducción Juan Pablo Hernández C., Jorge Largo G. ; edición María Cristina Rincón R.. a3a. ediciónb2a. reimpresión 1aBogotá, Colombia :bFundalectura,c2012 a423 páginas atextobtxt2rdacontent asin mediaciónbn2rdamedia avolumenbnc2rdacarrier aIncluye datos biográficos del autor aIncluye reseñas de libros altamente recomendados para leer en voz alta aIncluye bibliografía tThe read-aloud handbook07aLectura oralvmanuales2lemb96116107aLectura silenciosavmanuales2lemb96116207aLecturavmanuales2lemb96116307aLibros y lecturavmanuales2lemb96116407aReseñas de librosvmanuales2lemb961165 aHernández C., Juan Pabloetrl961166 aLargo G., Jorgeetrl961167 aRincón R., María Cristinaeedt961168 2ddccBK c57633d57633 00102ddc40708GENaMEMACAREbMEMACAREcGENd2025-07-17l0o028.9 T72mpLM02640r2025-07-17 11:43:46tEj.7w2025-07-17yBK